[Event "N֖ Landesliga 2015/16"]
[Site "?"]
[Date "2016.01.24"]
[Round "7.5"]
[White "Vykydal, Frantisek"]
[Black "Juhasz, Armin"]
[Result "0-1"]
[WhiteElo "2117"]
[BlackElo "2315"]
[PlyCount "69"]
[EventDate "2015.09.27"]

1. e4 c6 2. Nc3 d5 3. g3 e5 4. Bg2 Nf6 5. d3 Bb4 6. Bd2 O-O 7. Nge2 d4 8. Nb1
Bxd2+ 9. Nxd2 c5 10. Nc4 Nc6 11. a4 Be6 12. O-O a6 13. f4 Bxc4 14. dxc4 Ng4 15.
Qd3 Ne3 16. Rfc1 Nb4 17. Qb3 Nbxc2 18. Qd3 Nxa1 19. Rxa1 b5 20. b3 bxc4 21.
bxc4 Qe7 22. fxe5 Qxe5 23. Nf4 Nxg2 24. Nxg2 Rfe8 25. Re1 Rab8 26. Nh4 Rb4 27.
Nf3 Qe6 28. Nd2 Rxa4 29. Rb1 Qh6 30. Nf1 a5 31. Rb5 Qc6 32. Nd2 Ra1+ 33. Kf2 a4
34. Qc2 Qh6 35. Nf1 0-1

[Event "N֖ Landesliga 2015/16"]
[Site "?"]
[Date "2016.02.14"]
[Round "8.1"]
[White "Blatny, Pavel"]
[Black "Reinwald, Patrick"]
[Result "1/2-1/2"]
[WhiteElo "2397"]
[BlackElo "2231"]
[PlyCount "67"]
[EventDate "2015.09.27"]

1. b3 Nf6 2. Bb2 e6 3. e3 d5 4. g3 Be7 5. Bg2 O-O 6. d3 c5 7. Nd2 Nc6 8. Ne2 b6
9. h3 Bb7 10. g4 Nd7 11. Nf3 Bf6 12. d4 Re8 13. h4 cxd4 14. exd4 Rc8 15. g5 Be7
16. a3 Ba6 17. Qd2 Qc7 18. h5 Nf8 19. O-O Bxe2 20. Qxe2 Qf4 21. Bh3 Na5 22. Bc1
Qc7 23. Ra2 Nb7 24. Kh1 Nd6 25. Bf4 Qc3 26. Rd1 Ne4 27. Rd3 Qa5 28. Qe3 Rc3 29.
Rxc3 Qxc3 30. Qxc3 Nxc3 31. Ra1 Rc8 32. Be3 Nb5 33. c4 dxc4 34. bxc4 1/2-1/2

[Event "N֖ Landesliga 2015/16"]
[Site "?"]
[Date "2016.02.14"]
[Round "8.1"]
[White "Wetscherek, Gerhard"]
[Black "Zwettler, Martin"]
[Result "1-0"]
[WhiteElo "2108"]
[BlackElo "2272"]
[PlyCount "45"]
[EventDate "2015.09.27"]

1. e4 c5 2. Nf3 g6 3. c3 Bg7 4. d4 cxd4 5. cxd4 d5 6. e5 Bg4 7. Bb5+ Nc6 8. Nc3
Rc8 9. Bxc6+ bxc6 10. O-O Nh6 11. h3 Bxf3 12. Qxf3 O-O 13. Bxh6 Bxh6 14. Na4 f6
15. e6 Qd6 16. Nc5 f5 17. Qd3 Rfd8 18. Nb7 Qxe6 19. Rfe1 Qd7 20. Nxd8 Rxd8 21.
Re2 Bg5 22. Rae1 Rb8 23. Qg3 1-0

[Event "N֖ Landesliga 2015/16"]
[Site "?"]
[Date "2016.02.14"]
[Round "8.1"]
[White "Lipp, Alfred"]
[Black "Schmidrathner, Christian"]
[Result "1-0"]
[WhiteElo "2156"]
[BlackElo "2093"]
[PlyCount "119"]
[EventDate "2015.09.27"]

1. d4 Nf6 2. c4 g6 3. Nc3 Bg7 4. e4 d6 5. Nf3 O-O 6. Be2 e5 7. O-O Nc6 8. d5
Ne7 9. Ne1 Nd7 10. Be3 f5 11. f3 f4 12. Bf2 Rf7 13. Nd3 Bf8 14. a4 Rg7 15. a5
a6 16. Qb3 h5 17. c5 Kh8 18. cxd6 cxd6 19. Na4 g5 20. Nb6 Nxb6 21. Bxb6 Qe8 22.
Rfc1 g4 23. Rc7 Qg6 24. Rac1 Qg5 25. Qa3 Rg6 26. R1c4 h4 27. Nxe5 dxe5 28. Rxc8
Rxc8 29. Rxc8 Nxc8 30. Qxf8+ Rg8 31. Qf7 Nxb6 32. axb6 gxf3 33. Bxf3 Rg7 34.
Qe8+ Kh7 35. d6 Qg6 36. Qxe5 h3 37. Qxf4 hxg2 38. Qh4+ Kg8 39. Qd8+ Kh7 40.
Qh4+ Kg8 41. Be2 Rd7 42. Bc4+ Kg7 43. e5 Qb1+ 44. Kxg2 Qxb2+ 45. Kf1 Qc1+ 46.
Kg2 Qb2+ 47. Kh3 Qc3+ 48. Qg3+ Qxg3+ 49. Kxg3 Kf8 50. Bd5 a5 51. Kf4 a4 52. Ke4
a3 53. Kd4 Rh7 54. e6 Ke8 55. e7 Rh4+ 56. Kc3 Rh6 57. Bc6+ bxc6 58. b7 Rh3+ 59.
Kc4 Rh4+ 60. Kc5 1-0

[Event "N֖ Landesliga 2015/16"]
[Site "?"]
[Date "2016.02.14"]
[Round "8.1"]
[White "Sulzgruber, Robin"]
[Black "Fiala, Vaclav"]
[Result "1-0"]
[WhiteElo "2241"]
[BlackElo "2241"]
[PlyCount "71"]
[EventDate "2015.09.27"]

1. e4 c5 2. c3 d5 3. exd5 Qxd5 4. d4 Nf6 5. Na3 cxd4 6. Nb5 Na6 7. Qxd4 Bd7 8.
Be3 e5 9. Qxd5 Nxd5 10. Bxa7 Be7 11. Nf3 O-O 12. Be3 Nxe3 13. fxe3 Rfc8 14.
Nxe5 Bxb5 15. Bxb5 Rc5 16. Bxa6 Rxe5 17. Bc4 Rc8 18. Bd3 Rd8 19. O-O-O Ra8 20.
a3 Bg5 21. Kc2 Bxe3 22. Rhe1 Kf8 23. Bb5 Rxb5 24. Rxe3 Re8 25. Rde1 Rxe3 26.
Rxe3 Rh5 27. h3 Rg5 28. Re2 Rg3 29. a4 f5 30. b4 f4 31. Rf2 Ke7 32. Kb3 Ke6 33.
Kc4 Ke5 34. a5 f3 35. Rxf3 Rxg2 36. Rf7 1-0

[Event "N֖ Landesliga 2015/16"]
[Site "?"]
[Date "2016.02.14"]
[Round "8.2"]
[White "Wagner, Stefan"]
[Black "Menezes, Christoph"]
[Result "1/2-1/2"]
[WhiteElo "2147"]
[BlackElo "2291"]
[PlyCount "135"]
[EventDate "2015.09.27"]

1. b4 e5 2. Bb2 Bxb4 3. Bxe5 Nf6 4. Nf3 O-O 5. c4 Re8 6. e3 Nc6 7. Bb2 d5 8.
cxd5 Nxd5 9. Be2 a6 10. O-O Bg4 11. Nc3 Nxc3 12. Bxc3 Bxc3 13. dxc3 Qf6 14. Nd4
Bxe2 15. Nxe2 Ne5 16. Qb3 b6 17. a4 Rad8 18. Rad1 Rxd1 19. Rxd1 Ng4 20. Rf1 Rd8
21. h3 Ne5 22. Nf4 Qd6 23. Rb1 h6 24. Qb4 Qf6 25. c4 a5 26. Qb3 Rd2 27. Rf1 Nd7
28. Nd5 Qe5 29. f4 Qe4 30. Rf2 Nc5 31. Qb5 Rd1+ 32. Rf1 Rd2 33. Rf2 Rxf2 34.
Kxf2 Qc2+ 35. Kg1 Qd1+ 36. Kh2 Qxa4 37. Nxc7 Qxb5 38. Nxb5 Kf8 39. Kg1 Ke7 40.
Kf1 Ne4 41. Ke2 Nd6 42. Na3 Kd7 43. Kd3 Kc6 44. e4 Kc5 45. e5 Nf5 46. g4 Ne7
47. Kc3 Ng6 48. Nb5 Nxf4 49. Nd6 Nxh3 50. Nxf7 Ng5 51. Nd6 Ne6 52. Ne4+ Kc6 53.
Nd6 g6 54. Nc8 h5 55. gxh5 gxh5 56. Ne7+ Kc5 57. Nf5 a4 58. Nh4 Nd4 59. Ng6 Nc6
60. Nf4 Nxe5 61. Nxh5 Nxc4 62. Nf4 Nd6 63. Ne6+ Kd5 64. Nc7+ Kc6 65. Ne6 b5 66.
Kb4 Nf5 67. Nc5 a3 68. Nb3 1/2-1/2

[Event "N֖ Landesliga 2015/16"]
[Site "?"]
[Date "2016.02.14"]
[Round "8.2"]
[White "Knoll, Hermann"]
[Black "Plasil, Jiri"]
[Result "1-0"]
[WhiteElo "2309"]
[BlackElo "2118"]
[PlyCount "119"]
[EventDate "2015.09.27"]

1. d4 d5 2. Nf3 c6 3. c4 e6 4. Nbd2 f5 5. g3 Nf6 6. Bg2 Bd6 7. O-O O-O 8. b3 b6
9. Bb2 a5 10. Ne5 Bb7 11. Qc2 Na6 12. Rac1 Rc8 13. Qb1 Qe7 14. Ndf3 Ne4 15. e3
Rfd8 16. Rfd1 Ng5 17. Nxg5 Qxg5 18. Nd3 Qe7 19. Qc2 Ba3 20. c5 Bxb2 21. Qxb2 b5
22. Qd2 Ra8 23. Qxa5 Nc7 24. Qd2 Ra3 25. Rc2 Rda8 26. f3 Qd8 27. Ne5 Ne8 28. e4
Qa5 29. Qxa5 R8xa5 30. exd5 exd5 31. Rdd2 Nf6 32. Nd3 Bc8 33. Nb4 Bd7 34. Re2
Kf7 35. Kf2 Ra8 36. Re5 Re8 37. Rce2 Raa8 38. Ke1 Ng8 39. Rxe8 Bxe8 40. Kd2 Ne7
41. Kc3 Ng6 42. a4 bxa4 43. Ra2 a3 44. Nc2 Nf8 45. Rxa3 Rxa3 46. Nxa3 Ne6 47.
Bf1 Ke7 48. Nc2 f4 49. Bd3 g6 50. g4 Kd8 51. b4 Ng5 52. Ne1 Ne6 53. h4 h6 54.
Nc2 Ke7 55. b5 cxb5 56. Kb4 Nc7 57. Ka5 Kd8 58. Kb6 Na8+ 59. Kb7 Nc7 60. c6 1-0

[Event "N֖ Landesliga 2015/16"]
[Site "?"]
[Date "2016.02.14"]
[Round "8.2"]
[White "Popelka, Oldrich"]
[Black "Ehs, Dominik"]
[Result "0-1"]
[WhiteElo "2138"]
[BlackElo "2061"]
[PlyCount "68"]
[EventDate "2015.09.27"]

1. c4 Nf6 2. Nc3 g6 3. g3 Bg7 4. Bg2 O-O 5. d4 d6 6. Nf3 Nbd7 7. O-O e5 8. h3
Re8 9. Be3 c6 10. Qd2 Qe7 11. Rfd1 e4 12. Nh2 Nb6 13. b3 d5 14. c5 Nbd7 15. b4
Nf8 16. b5 Ne6 17. Rab1 Nd7 18. Rb4 f5 19. Qc2 a5 20. bxc6 bxc6 21. Ra4 g5 22.
Qc1 f4 23. gxf4 gxf4 24. Bxf4 Nxf4 25. Qxf4 Nxc5 26. Nxd5 cxd5 27. dxc5 Qxc5
28. Qd2 Be6 29. Rc1 Qb5 30. Ra3 Qb2 31. Qe3 d4 32. Qg5 Qxa3 33. Rc7 Qf8 34.
Bxe4 Rac8 0-1

[Event "N֖ Landesliga 2015/16"]
[Site "?"]
[Date "2016.02.14"]
[Round "8.3"]
[White "Ganaus, Hannes"]
[Black "Hellmayr, Alois"]
[Result "1/2-1/2"]
[WhiteElo "2259"]
[BlackElo "2234"]
[PlyCount "26"]
[EventDate "2015.09.27"]

1. Nf3 c5 2. e3 Nf6 3. d4 e6 4. a3 b6 5. Be2 Bb7 6. O-O Be7 7. b3 O-O 8. Bb2 d5
9. dxc5 Bxc5 10. Nbd2 Nbd7 11. c4 Rc8 12. cxd5 Bxd5 13. Ba6 Rc7 1/2-1/2

[Event "N֖ Landesliga 2015/16"]
[Site "?"]
[Date "2016.02.14"]
[Round "8.3"]
[White "Lovrinovic, Christian"]
[Black "Lendwai, Reinhard"]
[Result "0-1"]
[WhiteElo "2121"]
[BlackElo "2359"]
[PlyCount "104"]
[EventDate "2015.09.27"]

1. d4 Nf6 2. c4 e6 3. Nc3 Bb4 4. Nf3 O-O 5. g3 d5 6. Bg2 Nc6 7. cxd5 exd5 8.
O-O Re8 9. Bg5 Bxc3 10. bxc3 h6 11. Bxf6 Qxf6 12. Nd2 Bg4 13. Re1 Rad8 14. h3
Bh5 15. Rb1 b6 16. Bf3 Bxf3 17. Nxf3 Na5 18. Ne5 Qe6 19. Kh2 f6 20. Nf3 Qf5 21.
Kg2 Nc4 22. Rc1 a5 23. Qc2 Qxc2 24. Rxc2 Rd6 25. Nd2 Rc6 26. Nxc4 Rxc4 27. Rb1
Re6 28. Rb3 Rec6 29. e3 a4 30. Ra3 b5 31. Kf3 Kf7 32. Ke2 Rb4 33. h4 f5 34. Kd2
Rb1 35. Rc1 Rxc1 36. Kxc1 Rc4 37. Kd2 Kg6 38. Ke2 Kh5 39. Kf3 g5 40. hxg5 Kxg5
41. Kg2 Kg4 42. f3+ Kg5 43. Kf2 h5 44. Kg2 h4 45. Kh3 hxg3 46. Kxg3 f4+ 47. Kf2
Kf5 48. Ke2 fxe3 49. Kxe3 Kg5 50. Ke2 Kf4 51. Kf2 Rc6 52. Kg2 Re6 0-1

[Event "N֖ Landesliga 2015/16"]
[Site "?"]
[Date "2016.02.14"]
[Round "8.3"]
[White "Neumann, Christian"]
[Black "Herndlbauer, Martin"]
[Result "1-0"]
[WhiteElo "1997"]
[BlackElo "2083"]
[PlyCount "89"]
[EventDate "2015.09.27"]

1. e4 c5 2. Nf3 Nc6 3. d4 cxd4 4. Nxd4 g6 5. Be3 Bg7 6. c4 Nf6 7. Nc3 d6 8. Be2
O-O 9. O-O Bd7 10. Rc1 a6 11. f3 Rb8 12. Qd2 Nxd4 13. Bxd4 b5 14. Rfd1 Rb7 15.
c5 e5 16. Be3 dxc5 17. Bxc5 Re8 18. b4 h5 19. a4 bxa4 20. Bxa6 Rxb4 21. Nd5 Rd4
22. Bxd4 exd4 23. Nc7 Re7 24. Qb4 Bh6 25. Rc2 Be3+ 26. Kh1 h4 27. Bf1 Re5 28.
Qd6 Ra5 29. Bc4 Nh5 30. Qxg6+ Kh8 31. Bxf7 Ng3+ 32. hxg3 hxg3 33. Qxg3 Qf8 34.
Nd5 Qxf7 35. Nxe3 Rh5+ 36. Kg1 dxe3 37. Rb1 Be8 38. Rb8 e2 39. Rxe8+ Qxe8 40.
Rxe2 Qb5 41. Qf2 a3 42. Qd4+ Kg8 43. Rd2 Qb1+ 44. Kf2 Rh1 45. Qd8+ 1-0

[Event "N֖ Landesliga 2015/16"]
[Site "?"]
[Date "2016.02.14"]
[Round "8.4"]
[White "Fr�wis, Georg"]
[Black "Sandh�fner, Florian"]
[Result "1-0"]
[WhiteElo "2434"]
[BlackElo "2301"]
[PlyCount "53"]
[EventDate "2015.09.27"]

1. Nf3 d5 2. g3 Nf6 3. Bg2 Bf5 4. c4 e6 5. Qb3 Na6 6. d3 Nc5 7. Qc2 c6 8. Nh4
Bg4 9. h3 Bh5 10. g4 Nfd7 11. Nf3 Bg6 12. b4 Na6 13. a3 Be7 14. Bb2 O-O 15.
Nbd2 Bf6 16. Rc1 Rc8 17. h4 h6 18. g5 hxg5 19. hxg5 Bxg5 20. Nxg5 Qxg5 21. Bh3
Qe7 22. Nf3 c5 23. cxd5 exd5 24. Qd2 cxb4 25. Rxc8 Rxc8 26. Bxd7 Qxd7 27. Rh8+
1-0

[Event "N֖ Landesliga 2015/16"]
[Site "?"]
[Date "2016.02.14"]
[Round "8.4"]
[White "Rumpl, Erwin"]
[Black "Kleiser, Gregor"]
[Result "1-0"]
[WhiteElo "2351"]
[BlackElo "2242"]
[PlyCount "47"]
[EventDate "2015.09.27"]

1. c4 c6 2. Nf3 d5 3. e3 Nf6 4. Nc3 e6 5. b3 Be7 6. Bb2 O-O 7. d4 Nbd7 8. Bd3
b6 9. O-O Bb7 10. Qe2 c5 11. cxd5 cxd4 12. Nxd4 e5 13. Nc6 Bxc6 14. dxc6 Nc5
15. Rfd1 Nxd3 16. Rxd3 Qc7 17. Rc1 Qxc6 18. Nd5 Bc5 19. Qf3 Nxd5 20. Rxd5 f6
21. b4 e4 22. Qd1 Qb5 23. Ba3 Qa6 24. Qb3 1-0

[Event "N֖ Landesliga 2015/16"]
[Site "?"]
[Date "2016.02.14"]
[Round "8.4"]
[White "Luncescu, Christian"]
[Black "Wadsack, Wolfgang"]
[Result "1/2-1/2"]
[WhiteElo "2191"]
[BlackElo "2153"]
[PlyCount "56"]
[EventDate "2015.09.27"]

1. e4 d5 2. exd5 Nf6 3. Bb5+ Bd7 4. Be2 Nxd5 5. d4 Bf5 6. Nf3 e6 7. O-O Be7 8.
c4 Nf6 9. Nc3 O-O 10. Nh4 Bg6 11. Nxg6 hxg6 12. Bf3 c6 13. b3 Na6 14. Bb2 Qd7
15. d5 exd5 16. cxd5 Nb4 17. dxc6 Nxc6 18. Nd5 Nxd5 19. Qxd5 Rfd8 20. Rfd1 Qxd5
21. Bxd5 Rac8 22. Kf1 Rc7 23. Bf3 Bf6 24. Bxf6 gxf6 25. Rac1 Rxd1+ 26. Bxd1 Rd7
27. Bf3 Ne5 28. Rd1 Rc7 1/2-1/2

[Event "N֖ Landesliga 2015/16"]
[Site "?"]
[Date "2016.02.14"]
[Round "8.4"]
[White "Wadsack, Winfried"]
[Black "Wasl, Ernst"]
[Result "1/2-1/2"]
[WhiteElo "2137"]
[BlackElo "2054"]
[PlyCount "159"]
[EventDate "2015.09.27"]

1. e4 e6 2. d4 d5 3. Nc3 Bb4 4. Bd2 dxe4 5. Qg4 Nf6 6. Qxg7 Rg8 7. Qh6 Rg6 8.
Qh4 Rg4 9. Qh3 Nc6 10. O-O-O Nxd4 11. Nxe4 Bxd2+ 12. Nxd2 e5 13. Qe3 Qd5 14.
Bc4 Nxc2 15. Kxc2 Rxc4+ 16. Nxc4 Qxc4+ 17. Kb1 Bf5+ 18. Ka1 Ng4 19. Qg3 Be6 20.
b3 Qc2 21. Nh3 Qf5 22. Rhe1 Qf6 23. Qc3 Rd8 24. f3 Rxd1+ 25. Rxd1 e4 26. Qxf6
Nxf6 27. Ng5 Bd5 28. fxe4 Bc6 29. h3 h6 30. e5 Nd5 31. Nf3 Nf4 32. Rd2 Be4 33.
Rd4 Bxf3 34. gxf3 Nxh3 35. Rh4 Ng5 36. f4 Ne6 37. Kb2 h5 38. f5 Ng7 39. f6 Ne6
40. Rxh5 Nf4 41. Rf5 Nd5 42. Rg5 Kd7 43. Kc2 Nb4+ 44. Kc3 Nxa2+ 45. Kc4 a5 46.
e6+ Kxe6 47. Rxa5 Nc1 48. Ra1 b5+ 49. Kxb5 Nxb3 50. Ra6+ Ke5 51. Kc4 Nd2+ 52.
Kd3 Ne4 53. Ra5+ c5 54. Ra7 Nd6 55. Rd7 c4+ 56. Kc3 Ne4+ 57. Kxc4 Kxf6 58. Kd4
Ng5 59. Rd5 Ne6+ 60. Ke4 Ng5+ 61. Kf4 Ne6+ 62. Kg4 Ng7 63. Rg5 Ne6 64. Rg8 Ng7
65. Ra8 Ne6 66. Kh5 Ng7+ 67. Kh6 Ne6 68. Ra7 Nf8 69. Rb7 Ne6 70. Rb6 Kf5 71.
Rb5+ Ke4 72. Rb7 f5 73. Re7 Ke5 74. Kg6 Kd6 75. Kf6 Nc7 76. Re1 f4 77. Rd1+
Nd5+ 78. Kf5 Kc5 79. Ke4 Nc3+ 80. Kxf4 1/2-1/2

[Event "N֖ Landesliga 2015/16"]
[Site "?"]
[Date "2016.02.14"]
[Round "8.5"]
[White "Piringer, Florian"]
[Black "Gasa, Andrej"]
[Result "0-1"]
[WhiteElo "2118"]
[BlackElo "2298"]
[PlyCount "42"]
[EventDate "2015.09.27"]

1. e4 c5 2. Nf3 d6 3. Bb5+ Bd7 4. Bxd7+ Qxd7 5. O-O Nc6 6. b3 Nf6 7. Re1 g6 8.
Bb2 Bg7 9. Nc3 O-O 10. Nd5 e5 11. Nxf6+ Bxf6 12. d3 Bg7 13. Nd2 f5 14. exf5
Qxf5 15. Qe2 d5 16. c3 Rae8 17. a3 Nd8 18. c4 Ne6 19. g3 Ng5 20. h4 Nh3+ 21.
Kg2 Nxf2 0-1

[Event "N֖ Landesliga 2015/16"]
[Site "?"]
[Date "2016.02.14"]
[Round "8.5"]
[White "Hofmann, Thomas"]
[Black "Batyte, Daiva"]
[Result "1/2-1/2"]
[WhiteElo "2223"]
[BlackElo "2072"]
[PlyCount "128"]
[EventDate "2015.09.27"]

1. d4 Nf6 2. c4 g6 3. Nc3 Bg7 4. e4 d6 5. f4 O-O 6. Nf3 Na6 7. Bd3 e5 8. fxe5
dxe5 9. d5 Nh5 10. O-O Nc5 11. Bc2 a5 12. a3 Bd7 13. Be3 b6 14. Rb1 Bg4 15. Qe1
Nb7 16. b4 axb4 17. axb4 Nd6 18. Nd2 Ra3 19. Bb3 Nf4 20. c5 Nb7 21. Nc4 Rxb3
22. Rxb3 bxc5 23. bxc5 Nd3 24. Qg3 Bc8 25. Na4 Nf4 26. Bxf4 exf4 27. Qd3 Qg5
28. Qd2 Qe7 29. Qxf4 Nxc5 30. Nxc5 Qxc5+ 31. Ne3 Ba6 32. Re1 Re8 33. Kh1 Be5
34. Qf3 Bg7 35. h3 h5 36. g4 hxg4 37. Nxg4 f5 38. Nf2 Bc4 39. Rbb1 Rf8 40. Rbc1
fxe4 41. Qxe4 Qxf2 42. Rxc4 Qg3 43. Qe3 Kh7 44. Rc2 Rf6 45. Qe7 Qd3 46. Qe4 Qg3
47. Rg2 Qd6 48. Reg1 c6 49. Rg5 cxd5 50. Rxd5 Qe6 51. Qd3 Qc6 52. Qe4 Re6 53.
Qg2 Qe8 54. Qg4 Qc6 55. Qf3 Qe8 56. Rdg5 Re3 57. Qg2 Re6 58. h4 Re4 59. Rg4 Re2
60. Qh3 Qc6+ 61. R1g2 Bh6 62. h5 Rxg2 63. Qxg2 Qxg2+ 64. Kxg2 gxh5 1/2-1/2

[Event "N֖ Landesliga 2015/16"]
[Site "?"]
[Date "2016.02.14"]
[Round "8.5"]
[White "Gajic, Zoran"]
[Black "Vrana, Frantisek"]
[Result "1-0"]
[WhiteElo "2073"]
[BlackElo "2228"]
[PlyCount "75"]
[EventDate "2015.09.27"]

1. e4 e6 2. d4 d5 3. exd5 exd5 4. Nf3 Bd6 5. Nc3 c6 6. h3 Bf5 7. Bd3 Ne7 8. O-O
O-O 9. Re1 Na6 10. a3 Bg6 11. Ne5 Bxd3 12. Qxd3 Nc7 13. Bd2 Re8 14. Re2 f6 15.
Ng4 Qd7 16. Rae1 Ng6 17. Qf3 Qf7 18. g3 Ne6 19. Qd3 f5 20. Nh2 f4 21. Kg2 Re7
22. Nf3 Rf8 23. Rxe6 Rxe6 24. Ng5 fxg3 25. Nxf7 Nh4+ 26. Kh1 g2+ 27. Kg1 Rxe1+
28. Bxe1 Rxf7 29. f4 Nf5 30. Ne2 g6 31. Kxg2 Re7 32. Bf2 Re4 33. Kf3 Re7 34. c4
dxc4 35. Qxc4+ Kg7 36. d5 cxd5 37. Qxd5 Bb8 38. Nd4 1-0

[Event "N֖ Landesliga 2015/16"]
[Site "?"]
[Date "2016.02.14"]
[Round "8.5"]
[White "Teuber, Andreas"]
[Black "Schmid, Thomas"]
[Result "1/2-1/2"]
[WhiteElo "2208"]
[BlackElo "2114"]
[PlyCount "59"]
[EventDate "2015.09.27"]

1. d4 d5 2. Nf3 Nf6 3. g3 e6 4. Bg2 Be7 5. O-O O-O 6. c4 dxc4 7. Qc2 a6 8. Qxc4
b5 9. Qc2 Bb7 10. Bd2 Be4 11. Qc1 c6 12. Nc3 Bg6 13. Rd1 Nbd7 14. Bf4 Rc8 15.
Ne5 Nxe5 16. Bxe5 Qb6 17. Bxf6 Bxf6 18. e3 c5 19. d5 b4 20. Ne4 Bxe4 21. Bxe4
c4 22. Qc2 g6 23. Rac1 c3 24. b3 Rcd8 25. Rd3 Rd7 26. Rcd1 Rfd8 27. dxe6 Qxe6
28. Rxd7 Rxd7 29. Rxd7 Qxd7 30. Qd3 1/2-1/2

[Event "N�- Landesliga 2015/16"]
[Site "?"]
[Date "2016.02.28"]
[Round "9.2"]
[White "Kleiser, Gregor"]
[Black "Vrana, Frantisek"]
[Result "1-0"]
[WhiteElo "2239"]
[BlackElo "2228"]
[PlyCount "43"]
[EventDate "2016.??.??"]
[SourceDate "2016.02.28"]

1. d4 f5 2. Bg5 c5 3. dxc5 Na6 4. e4 fxe4 5. Bxa6 bxa6 6. Qd5 Rb8 7. Qxe4 Qa5+
8. Nd2 Rxb2 9. Ngf3 Bb7 10. Qe5 Bxf3 11. Qxb2 Bxg2 12. Rg1 Bc6 13. Be3 Nf6 14.
O-O-O g6 15. Qb8+ Kf7 16. Nc4 Qxa2 17. Ne5+ Kg7 18. Nxc6 dxc6 19. Rd8 Kf7 20.
Rgd1 Qe6 21. Kb1 Nd5 22. R1xd5 1-0

[Event "N�- Landesliga 2015/16"]
[Site "?"]
[Date "2016.02.28"]
[Round "9.3"]
[White "Hajek, Oscar"]
[Black "W�ber, Friedrich"]
[Result "1/2-1/2"]
[WhiteElo "2111"]
[BlackElo "2117"]
[PlyCount "46"]
[EventDate "2016.??.??"]

1. e4 e5 2. Nf3 Nc6 3. Nc3 g6 4. d4 exd4 5. Nxd4 Bg7 6. Be3 Nf6 7. Nxc6 bxc6 8.
e5 Ng8 9. f4 Ne7 10. Bd3 d6 11. O-O Nf5 12. Bxf5 Bxf5 13. g4 Bc8 14. Ne4 O-O
15. Nf6+ Bxf6 16. exf6 c5 17. g5 Bf5 18. Qe1 Re8 19. Qg3 h5 20. gxh6 Kh7 21.
Bd2 Qd7 22. Rae1 Rxe1 23. Rxe1 Re8 1/2-1/2

[Event "N�- Landesliga 2015/16"]
[Site "?"]
[Date "2016.02.28"]
[Round "9.4"]
[White "Winiwarter, Felix"]
[Black "Teuber, Andreas"]
[Result "1/2-1/2"]
[WhiteElo "2091"]
[BlackElo "2208"]
[PlyCount "109"]
[EventDate "2016.??.??"]

1. e4 e5 2. Nf3 Nf6 3. Nxe5 d6 4. Nf3 Nxe4 5. Nc3 Nxc3 6. dxc3 Be7 7. Be3 Bf5
8. Qd2 O-O 9. O-O-O Nc6 10. h3 Bf6 11. Rg1 Be4 12. Be2 Ne5 13. Ng5 Bxg5 14.
Bxg5 Qd7 15. g4 Bf3 16. Rg3 Bxe2 17. Qxe2 Qa4 18. Kb1 Rfe8 19. Re3 f6 20. Re4
Nxg4 21. Re7 Ne5 22. Bxf6 Rxe7 23. Bxe7 Re8 24. Bg5 Nf7 25. Be3 a6 26. Rg1 g6
27. Qf3 Qe4 28. Qf6 Re6 29. Qd4 Qxd4 30. cxd4 d5 31. b3 Nd6 32. c3 Nf5 33. Re1
Kf7 34. Kc2 Nxe3+ 35. fxe3 Rf6 36. e4 Rf2+ 37. Kd3 Rf3+ 38. Re3 dxe4+ 39. Kxe4
Rxe3+ 40. Kxe3 Ke6 41. Ke4 g5 42. c4 a5 43. a3 b6 44. b4 a4 45. d5+ Kf6 46. c5
bxc5 47. bxc5 h5 48. d6 cxd6 49. cxd6 Ke6 50. d7 Kxd7 51. Kf5 g4 52. hxg4 hxg4
53. Kxg4 Ke6 54. Kf4 Kd5 55. Ke3 1/2-1/2

[Event "N֖ Landesliga 2015/16"]
[Site "?"]
[Date "2016.02.28"]
[Round "9.2"]
[White "Rumpl, Erwin"]
[Black "Lendwai, Reinhard"]
[Result "0-1"]
[WhiteElo "2351"]
[BlackElo "2359"]
[PlyCount "66"]
[EventDate "2015.09.27"]

1. Nf3 d5 2. c4 c6 3. e3 Nf6 4. Nc3 g6 5. cxd5 cxd5 6. Bb5+ Bd7 7. Bxd7+
Qxd7 8. Ne5 Qc7 9. Qa4+ Nc6 10. d4 Bg7 11. b3 O-O 12. Nxc6 bxc6 13. Ba3 Rfe8
14. Rc1 Qb7 15. O-O Nd7 16. Ne2 Nb6 17. Qa5 e5 18. dxe5 Bxe5 19. Rc2 Rac8 20.
Rfc1 Nd7 21. Qa4 Nb6 22. Qa5 Nd7 23. Nd4 Bxd4 24. exd4 Re6 25. Bc5 Rce8 26. g3
Nxc5 27. Rxc5 Qd7 28. Qc3 Re2 29. Rxc6 Qf5 30. Rf1 Rxa2 31. Rc7 h5 32. Qb4 h4
33. Qb5 Re1 0-1

[Event "N֖ Landesliga 2015/16"]
[Site "?"]
[Date "2016.02.28"]
[Round "9.2"]
[White "Ganaus, Hannes"]
[Black "Wadsack, Winfried"]
[Result "0-1"]
[WhiteElo "2259"]
[BlackElo "2137"]
[PlyCount "142"]
[EventDate "2015.09.27"]

1. c4 e5 2. g3 Nc6 3. Bg2 Bc5 4. Nc3 Nf6 5. d3 O-O 6. e3 d6 7. Nge2 a5
8. a3 Bg4 9. h3 Bxe2 10. Qxe2 Nd7 11. b3 f5 12. Bb2 Nf6 13. O-O-O Qd7 14. g4
fxg4 15. hxg4 Qxg4 16. Bd5+ Kh8 17. Bf3 Qf5 18. Ne4 Ne7 19. Rh2 h6 20. Rg1 Nxe4
21. Bxe4 Qf6 22. f4 Nf5 23. fxe5 dxe5 24. Rh3 Rae8 25. Kb1 c6 26. Rf1 Ng3 27.
Rxf6 Nxe2 28. Rxf8+ Rxf8 29. Bxe5 Rf1+ 30. Kc2 Rf2 31. Kd1 Ng1 32. Rxh6+ Kg8
33. Rg6 Rf1+ 34. Kd2 Bxa3 35. Rxg7+ Kf8 36. Rg2 Bc1+ 37. Kc2 Bxe3 38. d4 Bh6
39. Bc7 Re1 40. Rf2+ Ke7 41. Bg6 Ne2 42. Be5 Nc1 43. Rf7+ Ke6 44. Rxb7 Na2 45.
d5+ cxd5 46. cxd5+ Kxd5 47. Bf7+ Kc6 48. Rc7+ Kb6 49. Re7 Nb4+ 50. Kc3 Rxe5 51.
Rxe5 Bg7 52. Kc4 Bxe5 53. Be8 Bh2 54. Bd7 Bg1 55. Be8 Bf2 56. Bd7 Be1 57. Be8
Nc6 58. Kd5 Ne7+ 59. Kc4 Bb4 60. Ba4 Ng6 61. Be8 Ne5+ 62. Kd5 Nf3 63. Bf7 Nd2
64. Kd4 Kc7 65. Bg8 Kd6 66. Bf7 Nf3+ 67. Ke3 Ne5 68. Bg8 Kc5 69. Ke4 Bc3 70.
Be6 Kb4 71. Ke3 Nc6 0-1

[Event "N֖ Landesliga 2015/16"]
[Site "?"]
[Date "2016.02.28"]
[Round "9.2"]
[White "Wadsack, Wolfgang"]
[Black "Juenger, Heinz"]
[Result "1/2-1/2"]
[WhiteElo "2153"]
[BlackElo "2143"]
[PlyCount "48"]
[EventDate "2015.09.27"]

1. e4 c6 2. d4 d5 3. exd5 cxd5 4. c4 Nf6 5. Nc3 Nc6 6. Bg5 dxc4 7. Bxc4
h6 8. Bf4 e6 9. Nf3 Bd6 10. Bxd6 Qxd6 11. O-O O-O 12. Qd2 b6 13. Rad1 Bb7 14.
Rfe1 Ne7 15. Ne5 Ned5 16. Nxd5 Bxd5 17. Bxd5 Qxd5 18. b3 Rac8 19. Rc1 Rfd8 20.
Rxc8 Rxc8 21. h3 Rd8 22. Rd1 Rc8 23. Nc4 Rd8 24. Ne5 Rc8 1/2-1/2

[Event "N֖ Landesliga 2015/16"]
[Site "?"]
[Date "2016.02.28"]
[Round "9.2"]
[White "Herndlbauer, Martin"]
[Black "Rechberger, Franz"]
[Result "1-0"]
[WhiteElo "2083"]
[BlackElo "2071"]
[PlyCount "71"]
[EventDate "2015.09.27"]

1. e4 {0} e6 {0} 2. d3 d5 3. Nd2 Nf6 4. g3 Bc5 5. Bg2 dxe4 6. Nxe4 Nxe4 7. Bxe4
Nd7 8. c3 Nf6 9. Bg2 e5 10. Nf3 Qe7 11. O-O O-O 12. Nxe5 Qxe5 13. d4 Bxd4 14.
cxd4 Qa5 15. d5 Bg4 16. Qd4 Be2 17. Bd2 Qb6 18. Qxb6 cxb6 19. Rfc1 Rad8 20. Bg5
Rd7 21. Bxf6 gxf6 22. Rc2 Bb5 23. a4 Bd3 24. Rc3 Bf5 25. f4 Re8 26. g4 Be4 27.
Re3 Rde7 28. d6 Bxg2 29. dxe7 Bc6 30. Rd1 f5 31. g5 f6 32. gxf6 Kf7 33. Rd6
Bxa4 34. Rg3 Rg8 35. Rxg8 Kxg8 36. Rd8+ 1-0

[Event "N֖ Landesliga 2015/16"]
[Site "?"]
[Date "2016.02.28"]
[Round "9.3"]
[White "Dornauer, Joachim"]
[Black "Wagner, Stefan"]
[Result "1-0"]
[WhiteElo "2185"]
[BlackElo "2147"]
[PlyCount "93"]
[EventDate "2015.09.27"]

1. d4 Nf6 2. c4 c5 3. d5 b5 4. cxb5 a6 5. b6 d6 6. Nc3 g6 7. e4 Bg7 8. Be2 O-O
9. Nf3 Nbd7 10. O-O Qxb6 11. Nd2 Qc7 12. a4 Bb7 13. Nc4 Rad8 14. a5 h6 15. Bf4
Ne5 16. Bxe5 dxe5 17. Qc2 Ne8 18. Ra3 Nd6 19. Rb3 f5 20. Nxd6 exd6 21. Rb6 Ra8
22. Bc4 f4 23. Rb1 f3 24. g3 Qd7 25. b4 cxb4 26. R1xb4 Ra7 27. Qa4 Qc7 28. Qb3
Rf7 29. Bf1 Kh7 30. Nb1 h5 31. Nd2 Bh6 32. Nc4 Bf8 33. Bh3 Ba8 34. Be6 Rf6 35.
Bh3 Rf7 36. Bf1 Bb7 37. h4 Ba8 38. Nd2 Bh6 39. Nxf3 Qc5 40. Rc4 Qxa5 41. Rxd6
Rab7 42. Qc3 Qa2 43. Rc8 Be3 44. Qxe3 Rb3 45. Rh8+ Kxh8 46. Qh6+ Rh7 47. Qf8#
1-0